[Event "35th European Club Cup 2019"]
[Site "Ulcinj"]
[Date "2019.11.13"]
[Round "4.6"]
[White "Piceu, Tom"]
[Black "Percivaldi, Martin"]
[Result "1-0"]
[WhiteElo "2354"]
[BlackElo "2384"]
[Annotator "NA"]
[PlyCount "95"]
[EventDate "2019.11.10"]
[EventType "team-tourn"]
[EventCountry "MNE"]
[SourceTitle "playchess.com"]
[Source "ChessBase"]
[SourceQuality "1"]
[WhiteTeam "HWP Sas van Gent"]
[BlackTeam "Koge SK"]
[TimeControl "40/5400+30:1800+30"]

1. d4 {[%emt 0:00:00]} d5 {[%emt 0:00:00]} 2. c4 {[%emt 0:00:00]} dxc4 {[%emt 0:00:16]} 3. Nf3 {[%emt 0:00:00]} a6 {[%emt 0:00:34]} 4. e3 {[%emt 0:00:15]} Bg4 {[%emt 0:00:44]} 5. Bxc4 {[%emt 0:00:35]} e6 {[%emt 0:00:19]} 6. h3 {[%emt 0:00:11]} Bh5 {[%emt 0:00:18]} 7. g4 {[%emt 0:00:46]} Bg6 {[%emt 0:00:17]} 8. Nc3 {[%emt 0:00:42]} Nc6 {[%emt 0:02:37]} 9. O-O {[%emt 0:12:18]} Bb4 {[%emt 0:11:57]} 10. d5 {[%emt 0:08:48]} exd5 {[%emt 0:15:16]} 11. Nxd5 {[%emt 0:05:12]} Be4 {[%emt 0:02:16]} 12. Nxb4 {[%emt 0:06:49]} Qxd1 {[%emt 0:01:32]} 13. Rxd1 {[%emt 0:02:37]} Bxf3 {[%emt 0:01:12]} 14. Nxc6 {[%emt 0:00:59]} Bxd1 {[%emt 0:21:58]} 15. Ne5 {[%emt 0:01:29]} Nf6 {[%emt 0:04:00]} 16. Bxf7+ {[%emt 0:07:04]} Kd8 {[%emt 0:01:34]} 17. b3 {[%emt 0:07:23]} Kc8 {[%emt 0:07:55]} 18. Ba3 {[%emt 0:05:53]} Be2 {[%emt 0:00:50]} 19. Rc1 {[%emt 0:00:29]} Rd8 {[%emt 0:04:27]} 20. g5 {[%emt 0:06:56]} Ne4 {[%emt 0:02:24]} 21. h4 {[%emt 0:11:52]} Rd2 {[%emt 0:03:44]} 22. Bb4 {[%emt 0:04:44]} Rxa2 {[%emt 0:04:22]} 23. Be6+ {[%emt 0:02:19]} Kb8 {[%emt 0:02:43]} 24. Bf5 {[%emt 0:01:55]} a5 {[%emt 0:05:42]} 25. Bf8 {[%emt 0:00:03]} Ka7 {[%emt 0:03:46]} 26. Bxg7 {[%emt 0:02:26]} Nxf2 {[%emt 0:01:07]} 27. Rxc7 {[%emt 0:00:45]} Bb5 {[%emt 0:00:35]} 28. Nf7 {[%emt 0:05:29]} Kb6 {[%emt 0:00:44]} 29. Rc3 {[%emt 0:02:28]} a4 {[%emt 0:00:25]} 30. Bd4+ {[%emt 0:00:25]} Ka5 {[%emt 0:00:12]} 31. Nd6 {[%emt 0:01:25]} Bc6 {[%emt 0:00:14]} 32. bxa4 {[%emt 0:00:22]} Rd8 {[%emt 0:00:37]} 33. Nc4+ {[%emt 0:02:49]} Kb4 {[%emt 0:00:35]} 34. Rc1 {[%emt 0:00:36]} Ng4 {[%emt 0:00:57]} 35. Nb2 {[%emt 0:00:54]} Rxb2 {[%emt 0:00:48]} 36. Bxb2 {[%emt 0:00:07]} Nxe3 {[%emt 0:00:06]} 37. Bf6 {[%emt 0:00:13]} Nxf5 {[%emt 0:00:56]} 38. Bxd8 {[%emt 0:00:05]} Nxh4 {[%emt 0:00:03]} 39. Be7+ {[%emt 0:00:37]} Ka5 {[%emt 0:00:27]} 40. Bd8+ {[%emt 0:00:00]} Kb4 {[%emt 0:00:00]} 41. a5 {[%emt 0:01:44]} Nf3+ {[%emt 0:03:54]} 42. Kf2 {[%emt 0:01:40]} Ne5 {[%emt 0:06:14]} 43. Ke3 {[%emt 0:03:28]} Kb5 {[%emt 0:03:14]} 44. Rb1+ {[%emt 0:02:44]} Ka6 {[%emt 0:01:06]} 45. Rb6+ {[%emt 0:01:20]} Ka7 {[%emt 0:00:16]} 46. Kf4 {[%emt 0:00:34]} Nd3+ {[%emt 0:01:02]} 47. Kf5 {[%emt 0:00:44]} Nc5 {[%emt 0:00:09]} 48. Rxc6 {[%emt 0:01:57]} 1-0

[Event "35th European Club Cup 2019"]
[Site "Ulcinj"]
[Date "2019.11.13"]
[Round "4.7"]
[White "Harikrishna, Pentala"]
[Black "Dominguez Perez, Leinier"]
[Result "1/2-1/2"]
[WhiteElo "2731"]
[BlackElo "2762"]
[Annotator "TA"]
[PlyCount "74"]
[EventDate "2019.11.10"]
[EventType "team-tourn"]
[EventCountry "MNE"]
[SourceTitle "playchess.com"]
[Source "ChessBase"]
[SourceQuality "1"]
[WhiteTeam "Novy Bor"]
[BlackTeam "Mednyi Vsadnik"]

{[%evp 21,74,10,26,10,7,0,12,12,12,12,16,12,17,12,16,0,12,0,13,12,18,18,29,28,37,25,24,25,22,9,14,0,0,0,0,0,22,0,0,0,0,0,0,0,0,0,0,0,0,0,0,0,0,0,0]} 1. d4 Nf6 2. c4 e6 3. Nf3 d5 4. g3 Be7 5. Bg2 O-O 6. O-O dxc4 7. Qc2 a6 8. a4 Bd7 9. Qxc4 Bc6 10. Bg5 Nbd7 11. Nc3 h6 12. Bxf6 {E05: Open Catalan: 5 Nf3 Be7} Nxf6 13. Rfd1 a5 (13... Bd5 14. Qd3 Bxf3 15. Bxf3 c6 16. e3 a5 17. h4 h5 18. e4 g6 19. Qe3 Re8 {1-0 (47) Grischuk,A (2759)-Dominguez Perez,L (2763) Khanty-Mansiysk 2019}) 14. Ne5 Bxg2 15. Kxg2 c6 16. Qb3 Qc7 17. Rac1 Rfd8 18. e3 Bb4 $146 ({Predecessor:} 18... Bf8 19. h4 Nd5 {0-1 (44) Cosma,I (2456)-Danilov,I (2374) Pedrido 2004}) 19. Ne2 Qe7 20. Nf4 Bd6 21. Nfd3 Bxe5 22. Nxe5 Qc7 23. Rc5 Nd7 24. Nxd7 Rxd7 25. Qc3 {The position is equal.} Rd5 26. e4 Rxc5 27. dxc5 $11 {[%mdl 4096] Endgame KQR-KQR} Rd8 28. Rd4 Kf8 29. Rd6 Rxd6 30. cxd6 Qxd6 31. Qxa5 {[#] Threatens to win with Qa8+. KQ-KQ} Qd7 32. Qa8+ Ke7 33. b4 Kf6 34. Qa7 Qd3 35. Qxb7 Qxe4+ 36. Kg1 Qe1+ 37. Kg2 Qe4+ {Accuracy: White = 63%, Black = 51%.} 1/2-1/2

[Event "35th European Club Cup 2019"]
[Site "Ulcinj"]
[Date "2019.11.13"]
[Round "4.8"]
[White "Koykka, Pekka"]
[Black "Polzin, Rainer"]
[Result "1/2-1/2"]
[WhiteElo "2379"]
[BlackElo "2411"]
[Annotator "NA"]
[PlyCount "109"]
[EventDate "2019.11.10"]
[EventType "team-tourn"]
[EventCountry "MNE"]
[SourceTitle "playchess.com"]
[Source "ChessBase"]
[SourceQuality "1"]
[WhiteTeam "Tammer-Shakki"]
[BlackTeam "Berlin"]
[TimeControl "40/5400+30:1800+30"]

1. d4 d5 2. Nc3 c6 3. e4 dxe4 4. Nxe4 Nf6 5. Nxf6+ exf6 6. c3 Bd6 7. Bd3 O-O 8. Qc2 h5 9. Be3 Re8 10. O-O-O Qa5 11. Kb1 Be6 12. c4 Na6 13. a3 b5 14. c5 Bf8 15. Ne2 Qd8 16. Nf4 Nc7 17. Nxe6 Rxe6 18. h4 Nd5 19. Bh7+ Kh8 20. Qf5 Rxe3 21. Qxh5 Nf4 22. Qxf7 Qd5 23. Qxd5 Nxd5 24. fxe3 Kxh7 25. e4 Ne3 26. Rd2 Rd8 27. Re1 Nc4 28. Rdd1 a5 29. a4 bxa4 30. Ka2 a3 31. bxa3 a4 32. g4 Kg6 33. d5 Ne5 34. dxc6 Rc8 35. Rd5 Rxc6 36. g5 Rxc5 37. Rxc5 Bxc5 38. gxf6 Kxf6 39. Rf1+ Ke6 40. h5 Be7 41. Rh1 Bf8 42. Rf1 Nd7 43. Rf5 Nf6 44. Kb2 Bd6 45. Ra5 Be5+ 46. Kc2 Nxh5 47. Ra6+ Ke7 48. Kd3 g5 49. Ke3 Nf6 50. Rxa4 g4 51. Ra7+ Kd6 52. Rg7 Nd5+ 53. exd5 Bxg7 54. Kf4 Kxd5 55. Kxg4 1/2-1/2

[Event "35th European Club Cup 2019"]
[Site "Ulcinj"]
[Date "2019.11.13"]
[Round "4.9"]
[White "Florstedt, Johannes"]
[Black "Maki, Veijo"]
[Result "1-0"]
[WhiteElo "2352"]
[BlackElo "2357"]
[Annotator "NA"]
[PlyCount "113"]
[EventDate "2019.11.10"]
[EventType "team-tourn"]
[EventCountry "MNE"]
[SourceTitle "playchess.com"]
[Source "ChessBase"]
[SourceQuality "1"]
[WhiteTeam "Berlin"]
[BlackTeam "Tammer-Shakki"]
[TimeControl "40/5400+30:1800+30"]

1. e4 c5 2. Nf3 d6 3. d4 cxd4 4. Nxd4 Nf6 5. Nc3 Nc6 6. Bg5 e6 7. Qd2 a6 8. O-O-O Be7 9. f4 Bd7 10. Nf3 b5 11. Bxf6 gxf6 12. f5 Qb6 13. Qh6 O-O-O 14. Qh5 Rhf8 15. Kb1 Kb7 16. Bd3 Qc5 17. Rhe1 Rc8 18. Bf1 b4 19. Ne2 Na5 20. Rc1 e5 21. c4 b3 22. axb3 Nxb3 23. Rc3 Qb4 24. Nc1 Nxc1 25. Rexc1 Rc6 26. Ne1 Rb6 27. Nd3 Qa4 28. c5 dxc5 29. Rc4 Qc6 30. Qf3 Rc8 31. Nb4 Qb5 32. R1c2 Bc6 33. Nd3 Qa5 34. Nxc5+ Bxc5 35. Rxc5 Qe1+ 36. Ka2 Rd8 37. Bd3 Rd4 38. R5c4 Rb4 39. Rxd4 Rxd4 40. Bxa6+ Kb6 41. Qb3+ Rb4 42. Re2 Rxb3 43. Rxe1 Rb4 44. Bd3 Rd4 45. Re3 Bb5 46. Bxb5 Kxb5 47. Kb3 Rd2 48. Rh3 Kc5 49. Rxh7 Kd4 50. Rxf7 Kxe4 51. g4 Rd6 52. h3 Kf3 53. Re7 e4 54. Re6 Rd8 55. Rxf6 e3 56. Re6 e2 57. Kc4 1-0

[Event "35th European Club Cup 2019"]
[Site "Ulcinj"]
[Date "2019.11.13"]
[Round "4.10"]
[White "Beikert, Guenther"]
[Black "Lemmers, Oscar"]
[Result "1/2-1/2"]
[WhiteElo "2380"]
[BlackElo "2346"]
[Annotator "NA"]
[PlyCount "74"]
[EventDate "2019.11.10"]
[EventType "team-tourn"]
[EventCountry "MNE"]
[SourceTitle "playchess.com"]
[Source "ChessBase"]
[SourceQuality "1"]
[WhiteTeam "Viernheim"]
[BlackTeam "KGSRL Gent"]
[TimeControl "40/5400+30:1800+30"]

1. c4 {[%emt 0:00:00]} e5 {[%emt 0:00:00]} 2. g3 {[%emt 0:00:00]} c6 {[%emt 0:00:00]} 3. d4 {[%emt 0:00:00]} e4 {[%emt 0:00:14]} 4. Nc3 {[%emt 0:01:38]} d5 {[%emt 0:00:17]} 5. Bf4 {[%emt 0:05:30]} Nf6 {[%emt 0:04:50]} 6. e3 {[%emt 0:00:44]} dxc4 {[%emt 0:05:14]} 7. Bxc4 {[%emt 0:00:34]} Bb4 {[%emt 0:09:12]} 8. Nge2 {[%emt 0:04:17]} O-O {[%emt 0:02:00]} 9. a3 {[%emt 0:02:59]} Bxc3+ {[%emt 0:00:55]} 10. Nxc3 {[%emt 0:00:06]} Bg4 {[%emt 0:07:51]} 11. Be2 {[%emt 0:01:51]} Bxe2 {[%emt 0:09:53]} 12. Qxe2 {[%emt 0:00:07]} Re8 {[%emt 0:00:59]} 13. Bg5 {[%emt 0:08:45]} Nbd7 {[%emt 0:03:04]} 14. O-O-O {[%emt 0:01:45]} h6 {[%emt 0:02:57]} 15. Bxf6 {[%emt 0:02:09]} Nxf6 {[%emt 0:01:11]} 16. Kb1 {[%emt 0:00:16]} Nd5 {[%emt 0:04:37]} 17. Nxd5 {[%emt 0:00:31]} Qxd5 {[%emt 0:03:23]} 18. Rc1 {[%emt 0:00:10]} Rad8 {[%emt 0:04:31]} 19. Rc5 {[%emt 0:05:39]} Qe6 {[%emt 0:02:50]} 20. Rhc1 {[%emt 0:00:58]} Rd6 {[%emt 0:07:26]} 21. h4 {[%emt 0:01:44]} f6 {[%emt 0:01:39]} 22. Qh5 {[%emt 0:04:59]} Qf7 {[%emt 0:01:34]} 23. Qd1 {[%emt 0:00:58]} Red8 {[%emt 0:00:54]} 24. Qa4 {[%emt 0:01:22]} a6 {[%emt 0:00:29]} 25. Qa5 {[%emt 0:00:33]} Rd5 {[%emt 0:00:33]} 26. Qb6 {[%emt 0:03:33]} R8d7 {[%emt 0:01:48]} 27. Qa7 {[%emt 0:02:59]} Kh7 {[%emt 0:01:05]} 28. Qb8 {[%emt 0:04:28]} Rxc5 {[%emt 0:08:21]} 29. Rxc5 {[%emt 0:00:16]} Rd5 {[%emt 0:00:09]} 30. Rxd5 {[%emt 0:03:46]} Qxd5 {[%emt 0:00:20]} 31. Qxb7 {[%emt 0:02:20]} Qc4 {[%emt 0:00:13]} 32. h5 {[%emt 0:01:09]} a5 {[%emt 0:06:28]} 33. a4 {[%emt 0:11:24]} Qxa4 {[%emt 0:04:42]} 34. Qe7 {[%emt 0:00:23]} f5 {[%emt 0:01:21]} 35. Qe8 {[%emt 0:09:53]} Qd1+ {[%emt 0:00:44]} 36. Ka2 {[%emt 0:00:06]} Qa4+ {[%emt 0:00:06]} 37. Kb1 {[%emt 0:00:06]} Qd1+ 1/2-1/2

[Event "35th European Club Cup 2019"]
[Site "Ulcinj"]
[Date "2019.11.13"]
[Round "4.12"]
[White "Duijn, Rob"]
[Black "Laketic, Gojko"]
[Result "1/2-1/2"]
[WhiteElo "2220"]
[BlackElo "2346"]
[Annotator "NA"]
[PlyCount "89"]
[EventDate "2019.11.10"]
[EventType "team-tourn"]
[EventCountry "MNE"]
[SourceTitle "playchess.com"]
[Source "ChessBase"]
[SourceQuality "1"]
[WhiteTeam "Kennemer Combinatie"]
[BlackTeam "Sloven Ruma"]
[TimeControl "40/5400+30:1800+30"]

1. d4 {[%emt 0:02:43]} Nf6 {[%emt 0:00:00]} 2. Nf3 {[%emt 0:01:46]} e6 {[%emt 0:00:01]} 3. Bg5 {[%emt 0:00:30]} c5 {[%emt 0:00:51]} 4. c3 {[%emt 0:02:47]} Be7 {[%emt 0:00:55]} 5. Nbd2 {[%emt 0:16:49]} d5 {[%emt 0:00:30]} 6. e3 {[%emt 0:02:59]} Nbd7 {[%emt 0:02:07]} 7. Bd3 O-O 8. O-O {[%emt 0:07:19]} b6 9. Re1 {[%emt 0:00:00]} Bb7 {[%emt 0:31:06]} 10. Qc2 h6 {[%emt 0:18:03]} 11. Bh4 {[%emt 0:00:00]} c4 {[%emt 0:06:13]} 12. Be2 {[%emt 0:00:00]} b5 {[%emt 0:01:21]} 13. a3 {[%emt 0:00:00]} Bd6 {[%emt 0:04:22]} 14. Bxf6 {[%emt 0:00:35]} Qxf6 {[%emt 0:02:44]} 15. e4 {[%emt 0:01:03]} Qg6 {[%emt 0:01:21]} 16. Nh4 {[%emt 0:02:54]} Qh7 {[%emt 0:01:28]} 17. Bd1 {[%emt 0:01:08]} Bf4 {[%emt 0:07:15]} 18. Nhf3 {[%emt 0:03:38]} Rfe8 {[%emt 0:00:38]} 19. e5 {[%emt 0:00:30]} Qxc2 {[%emt 0:00:30]} 20. Bxc2 {[%emt 0:00:15]} h5 {[%emt 0:01:48]} 21. g3 {[%emt 0:00:41]} Bh6 {[%emt 0:00:13]} 22. h4 {[%emt 0:00:35]} a5 {[%emt 0:02:58]} 23. Ng5 {[%emt 0:02:20]} Bc6 {[%emt 0:00:41]} 24. f4 {[%emt 0:00:29]} g6 {[%emt 0:00:12]} 25. Bd1 {[%emt 0:01:52]} b4 {[%emt 0:00:10]} 26. axb4 {[%emt 0:00:16]} axb4 {[%emt 0:00:01]} 27. Bf3 {[%emt 0:00:18]} Nb6 {[%emt 0:00:53]} 28. Kf2 {[%emt 0:17:06]} Bf8 {[%emt 0:06:18]} 29. Ke3 {[%emt 0:09:25]} Bb5 {[%emt 0:01:16]} 30. f5 {[%emt 0:03:28]} exf5 {[%emt 0:00:49]} 31. Kf4 {[%emt 0:00:10]} Bd7 {[%emt 0:02:13]} 32. Rxa8 {[%emt 0:01:07]} Rxa8 {[%emt 0:00:18]} 33. Nxc4 {[%emt 0:00:04]} Nxc4 {[%emt 0:02:20]} 34. Bxd5 {[%emt 0:00:09]} Rc8 {[%emt 0:00:15]} 35. Bxf7+ {[%emt 0:06:46]} Kg7 {[%emt 0:00:36]} 36. Bxc4 {[%emt 0:01:50]} Rxc4 {[%emt 0:00:13]} 37. Ra1 {[%emt 0:00:07]} Rc7 {[%emt 0:04:25]} 38. Ra6 {[%emt 0:07:08]} bxc3 {[%emt 0:00:21]} 39. bxc3 {[%emt 0:00:05]} Bc8 {[%emt 0:00:24]} 40. Rf6 {[%emt 0:02:09]} Rxc3 {[%emt 0:01:42]} 41. Rf7+ {[%emt 0:03:18]} Kg8 {[%emt 0:00:20]} 42. Rf6 {[%emt 0:04:55]} Kg7 {[%emt 0:25:04]} 43. Rf7+ {[%emt 0:01:34]} Kg8 {[%emt 0:00:19]} 44. Rf6 {[%emt 0:00:02]} Kg7 {[%emt 0:02:33]} 45. Rf7+ 1/2-1/2

[Event "35th European Club Cup 2019"]
[Site "Ulcinj"]
[Date "2019.11.13"]
[Round "4.12"]
[White "Iivonen, Markku"]
[Black "Nogly, Christoph"]
[Result "0-1"]
[WhiteElo "2096"]
[BlackElo "2235"]
[Annotator "NA"]
[PlyCount "28"]
[EventDate "2019.11.10"]
[EventType "team-tourn"]
[EventCountry "MNE"]
[SourceTitle "playchess.com"]
[Source "ChessBase"]
[SourceQuality "1"]
[WhiteTeam "Tammer-Shakki"]
[BlackTeam "Berlin"]
[TimeControl "40/5400+30:1800+30"]

1. d4 {[%emt 0:00:00]} d5 {[%emt 0:00:00]} 2. c4 {[%emt 0:00:00]} e6 {[%emt 0:00:00]} 3. Nc3 {[%emt 0:00:00]} Nf6 {[%emt 0:00:00]} 4. Nf3 {[%emt 0:00:00]} Nbd7 {[%emt 0:06:42]} 5. g3 {[%emt 0:05:26]} dxc4 {[%emt 0:01:31]} 6. Bg2 {[%emt 0:05:29]} c6 7. a4 {[%emt 0:04:18]} Be7 {[%emt 0:00:55]} 8. O-O {[%emt 0:00:08]} O-O {[%emt 0:00:04]} 9. e4 {[%emt 0:10:11]} e5 {[%emt 0:02:29]} 10. dxe5 {[%emt 0:00:30]} Ng4 {[%emt 0:00:30]} 11. e6 {[%emt 0:00:30]} fxe6 {[%emt 0:00:30]} 12. Nd4 {[%emt 0:05:08]} Nde5 {[%emt 0:05:48]} 13. h3 {[%emt 0:05:39]} Nxf2 {[%emt 0:06:06]} 14. Rxf2 {[%emt 0:25:51]} Rxf2 {[%emt 0:01:40]} 0-1

[Event "35th European Club Cup 2019"]
[Site "Ulcinj"]
[Date "2019.11.13"]
[Round "4.13"]
[White "Dreev, Aleksey"]
[Black "Ponomariov, Ruslan"]
[Result "1/2-1/2"]
[WhiteElo "2671"]
[BlackElo "2648"]
[Annotator "TA"]
[PlyCount "18"]
[EventDate "2019.11.10"]
[EventType "team-tourn"]
[EventCountry "MNE"]
[SourceTitle "playchess.com"]
[Source "ChessBase"]
[SourceQuality "1"]
[WhiteTeam "Moscow Chess Team"]
[BlackTeam "Lysa nad Labem"]

{[%evp 15,18,0,1,0,11]} 1. d4 d5 $146 ({Predecessor:} 1... Nf6 2. c4 c6 3. Nf3 {½-½ (10) Salgado Lopez,I (2596)-Shirov,A (2658) Linares 2019}) 2. Nf3 Nf6 3. c4 c6 4. cxd5 cxd5 5. Nc3 Nc6 6. Bf4 Nh5 7. Bd2 Nf6 8. Bf4 Nh5 9. Bd2 {D13: Slav Defence: Exchange variation without ...Bf5} Nf6 1/2-1/2

[Event "35th European Club Cup 2019"]
[Site "Ulcinj"]
[Date "2019.11.13"]
[Round "4.13"]
[White "Laurusas, Tomas"]
[Black "Heimann, Andreas"]
[Result "1/2-1/2"]
[WhiteElo "2499"]
[BlackElo "2617"]
[Annotator "ChessBase"]
[PlyCount "61"]
[EventDate "2019.11.10"]
[EventType "team-tourn"]
[EventCountry "MNE"]
[SourceTitle "playchess.com"]
[Source "ChessBase"]
[SourceQuality "1"]
[WhiteTeam "MRU-ROSK Consulting"]
[BlackTeam "Riehen SG"]
[TimeControl "40/5400+30:1800+30"]

1. d4 {[%emt 0:00:00]} Nf6 {[%emt 0:00:00]} 2. c4 {[%emt 0:00:00]} e6 {[%emt 0:00:00]} 3. Nf3 {[%emt 0:00:00]} d5 {[%emt 0:00:00]} 4. Nc3 {[%emt 0:00:24]} Be7 {[%emt 0:00:00]} 5. Bg5 {[%emt 0:03:12]} h6 {[%emt 0:00:00]} 6. Bh4 {[%emt 0:00:49]} O-O {[%emt 0:00:00]} 7. e3 {[%emt 0:00:31]} b6 {[%emt 0:00:02]} 8. cxd5 {[%emt 0:04:13]} Nxd5 {[%emt 0:00:11]} 9. Bxe7 {[%emt 0:03:01]} Qxe7 {[%emt 0:00:07]} 10. Rc1 {[%emt 0:00:20]} Bb7 {[%emt 0:00:23]} 11. Nxd5 {[%emt 0:04:39]} Bxd5 {[%emt 0:00:53]} 12. Bc4 {[%emt 0:00:11]} Bb7 {[%emt 0:35:43]} 13. O-O {[%emt 0:01:47]} Rc8 {[%emt 0:00:02]} 14. Qe2 {[%emt 0:13:06]} c5 {[%emt 0:01:16]} 15. Rfd1 {[%emt 0:05:56]} cxd4 {[%emt 0:02:23]} 16. Nxd4 {[%emt 0:02:22]} Nc6 {[%emt 0:00:23]} 17. Nxc6 {[%emt 0:03:08]} Rxc6 {[%emt 0:00:17]} 18. Ba6 {[%emt 0:00:32]} Rxc1 {[%emt 0:08:44]} 19. Rxc1 {[%emt 0:02:57]} Rd8 {[%emt 0:00:24]} 20. Bxb7 {[%emt 0:00:43]} Qxb7 {[%emt 0:00:08]} 21. h3 {[%emt 0:00:43]} Qd5 {[%emt 0:02:40]} 22. b3 {[%emt 0:04:42]} a5 {[%emt 0:03:47]} 23. Qc2 {[%emt 0:01:18]} Qd2 {[%emt 0:02:48]} 24. Qxd2 {[%emt 0:00:29]} Rxd2 {[%emt 0:00:04]} 25. Rc8+ {[%emt 0:00:17]} Kh7 {[%emt 0:00:04]} 26. Rb8 {[%emt 0:00:07]} Rxa2 {[%emt 0:00:10]} 27. Rxb6 {[%emt 0:00:06]} a4 {[%emt 0:01:14]} 28. bxa4 {[%emt 0:00:08]} Ra1+ {[%emt 0:00:04]} 29. Kh2 {[%emt 0:00:06]} Rxa4 {[%emt 0:00:03]} 30. Rb7 {[%emt 0:00:11]} Kg8 {[%emt 0:00:10]} 31. Rb8+ {[%emt 0:00:12]} 1/2-1/2

[Event "35th European Club Cup 2019"]
[Site "Ulcinj"]
[Date "2019.11.13"]
[Round "4.13"]
[White "Subelj, Jan"]
[Black "Pijpers, Arthur"]
[Result "1/2-1/2"]
[WhiteElo "2398"]
[BlackElo "2473"]
[Annotator "ChessBase"]
[PlyCount "60"]
[EventDate "2019.11.10"]
[EventType "team-tourn"]
[EventCountry "MNE"]
[SourceTitle "playchess.com"]
[Source "ChessBase"]
[SourceQuality "1"]
[WhiteTeam "Maribor"]
[BlackTeam "LSG IntelliMagic"]
[TimeControl "40/5400+30:1800+30"]

1. e4 c5 2. Nf3 d6 3. Bb5+ Bd7 4. Bxd7+ Qxd7 5. c4 Nf6 6. Nc3 g6 7. d4 cxd4 8. Nxd4 Bg7 9. f3 O-O 10. Be3 Nc6 11. O-O a6 12. Rc1 Nxd4 13. Bxd4 b5 14. Nd5 Nxd5 15. cxd5 Bh6 16. Rc2 Rac8 17. Rff2 Rxc2 18. Rxc2 Rc8 19. Qd3 Bg7 20. Be3 Rc7 21. Bb6 Rc8 22. Qd2 f5 23. Qc1 Rxc2 24. Qxc2 fxe4 25. fxe4 Qg4 26. h3 Qf4 27. Qc8+ Kf7 28. Qe6+ Kf8 29. Qc8+ Kf7 30. Qe6+ Kf8 1/2-1/2

[Event "35th European Club Cup 2019"]
[Site "Ulcinj"]
[Date "2019.11.13"]
[Round "4.13"]
[White "Murray, David"]
[Black "Goldsztejn, Gildas"]
[Result "0-1"]
[WhiteElo "2136"]
[BlackElo "2426"]
[Annotator "NA"]
[PlyCount "30"]
[EventDate "2019.11.10"]
[EventType "team-tourn"]
[EventCountry "MNE"]
[SourceTitle "playchess.com"]
[Source "ChessBase"]
[SourceQuality "1"]
[WhiteTeam "Gonzaga"]
[BlackTeam "Asnieres"]
[TimeControl "40/5400+30:1800+30"]

1. e4 Nf6 2. Nc3 d5 {[%emt 0:00:08]} 3. exd5 {[%emt 0:00:10]} Nxd5 {[%emt 0:00:30]} 4. Bc4 {[%emt 0:00:30]} Nb6 {[%emt 0:00:30]} 5. Bb3 {[%emt 0:00:30]} Nc6 {[%emt 0:00:30]} 6. Qh5 {[%emt 0:00:30]} g6 {[%emt 0:00:30]} 7. Qf3 {[%emt 0:00:30]} Bf5 {[%emt 0:07:58]} 8. Nge2 {[%emt 0:18:16]} Bg7 {[%emt 0:02:18]} 9. g4 {[%emt 0:07:19]} Ne5 {[%emt 0:02:37]} 10. Qxb7 {[%emt 0:02:46]} Bxg4 {[%emt 0:01:01]} 11. Nd5 {[%emt 0:09:42]} Bf3 {[%emt 0:06:50]} 12. d4 {[%emt 0:00:30]} Nxd5 {[%emt 0:05:46]} 13. dxe5 {[%emt 0:04:50]} Nc3 {[%emt 0:01:49]} 14. Bxf7+ {[%emt 0:04:19]} Kf8 {[%emt 0:00:10]} 15. Nd4 {[%emt 0:08:20]} Bxb7 {[%emt 0:00:14]} 0-1